000 00563nam a22001817a 4500
005 20231023143732.0
010 _aENG-138286
020 _c1595.00
_a9788190995009
035 _aEN-121818
037 _bDBAD/PUB
082 _a704.948
100 _aClaudine Bautze-Picron
_957993
245 _aThe bejewelled Buddha from india to burma/
_cClaudine Bautze-Picron
260 _aDelhi
_bSanctum books
_c2010
270 _bDelhi
_a68 Medical Association Road Darya ganj
_e110002
300 _a326p.
_c25cm(hb)
942 _2ddc
_cEN
_h704.948
_mCLA
999 _c198831
_d198831